<?xml version="1.0" encoding="UTF-8"?>
<collection xmlns="http://www.loc.gov/MARC21/slim">
 <record>
  <leader>01488nam a2200397   4500</leader>
  <controlfield tag="001">DLU030025491</controlfield>
  <controlfield tag="005">##20010928135926.0</controlfield>
  <controlfield tag="008">##951204s1995    sz a     b    100 0 eng  </controlfield>
  <datafield tag="010" ind1="#" ind2="#">
   <subfield code="a">   95051222 </subfield>
  </datafield>
  <datafield tag="020" ind1="#" ind2="#">
   <subfield code="a">0817653341 (Boston : acid-free paper)</subfield>
  </datafield>
  <datafield tag="020" ind1="#" ind2="#">
   <subfield code="a">3764353341 (Basel : acid-free paper)</subfield>
  </datafield>
  <datafield tag="035" ind1="#" ind2="#">
   <subfield code="9">(DLC)   95051222</subfield>
  </datafield>
  <datafield tag="040" ind1="#" ind2="#">
   <subfield code="a">DLC</subfield>
   <subfield code="c">DLC</subfield>
   <subfield code="d">DLC</subfield>
  </datafield>
  <datafield tag="041" ind1="#" ind2="#">
   <subfield code="a">engfre</subfield>
  </datafield>
  <datafield tag="050" ind1="#" ind2="#">
   <subfield code="a">QA564</subfield>
   <subfield code="b">.A358 1996</subfield>
  </datafield>
  <datafield tag="082" ind1="#" ind2="#">
   <subfield code="a">516.35</subfield>
   <subfield code="a">lg</subfield>
  </datafield>
  <datafield tag="245" ind1="#" ind2="#">
   <subfield code="a">Algebraic geometry and singularities /</subfield>
   <subfield code="c">Antonio Campillo Lopez, Luis Narvaez Macarro, editors.</subfield>
  </datafield>
  <datafield tag="260" ind1="#" ind2="#">
   <subfield code="a">Basel ;</subfield>
   <subfield code="a">Boston :</subfield>
   <subfield code="b">Birkhauser Verlag,</subfield>
   <subfield code="c">c1996.</subfield>
  </datafield>
  <datafield tag="300" ind1="#" ind2="#">
   <subfield code="a">xxi, 407 p. :</subfield>
   <subfield code="b">ill. ;</subfield>
   <subfield code="c">24 cm.</subfield>
  </datafield>
  <datafield tag="500" ind1="#" ind2="#">
   <subfield code="a">&quot;Papers originated at the Third International Conference on Algebraic Geometry held at La Rabida (Spain) during the week of December 9-14, 1991&quot;--Introd.</subfield>
  </datafield>
  <datafield tag="504" ind1="#" ind2="#">
   <subfield code="a">Includes bibliographical references.</subfield>
  </datafield>
  <datafield tag="546" ind1="#" ind2="#">
   <subfield code="a">Contributions in English and French.</subfield>
  </datafield>
  <datafield tag="650" ind1="#" ind2="#">
   <subfield code="a">Algebraic geometry</subfield>
   <subfield code="x">Congresses.</subfield>
  </datafield>
  <datafield tag="650" ind1="#" ind2="#">
   <subfield code="a">Singularities (Mathematics)</subfield>
   <subfield code="x">Congresses.</subfield>
  </datafield>
  <datafield tag="700" ind1="#" ind2="#">
   <subfield code="a">Campillo, Antonio,</subfield>
   <subfield code="d">1953-</subfield>
  </datafield>
  <datafield tag="700" ind1="#" ind2="#">
   <subfield code="a">Narvaez Macarro, Luis,</subfield>
   <subfield code="d">1957-</subfield>
  </datafield>
  <datafield tag="711" ind1="#" ind2="#">
   <subfield code="a">International Conference on Algebraic Geometry</subfield>
   <subfield code="n">(3rd :</subfield>
   <subfield code="d">1991 :</subfield>
   <subfield code="c">Rabida (Monastery))</subfield>
  </datafield>
  <datafield tag="830" ind1="#" ind2="#">
   <subfield code="a">Progress in mathematics (Boston, Mass.) ;</subfield>
   <subfield code="v">v. 134.</subfield>
  </datafield>
  <datafield tag="994" ind1="#" ind2="#">
   <subfield code="a">DLU</subfield>
  </datafield>
  <datafield tag="900" ind1="#" ind2="#">
   <subfield code="a">True</subfield>
  </datafield>
  <datafield tag="911" ind1="#" ind2="#">
   <subfield code="a">Lê Thị Mạnh Xuân </subfield>
  </datafield>
  <datafield tag="925" ind1="#" ind2="#">
   <subfield code="a">G</subfield>
  </datafield>
  <datafield tag="926" ind1="#" ind2="#">
   <subfield code="a">A</subfield>
  </datafield>
  <datafield tag="927" ind1="#" ind2="#">
   <subfield code="a">SH</subfield>
  </datafield>
  <datafield tag="980" ind1="#" ind2="#">
   <subfield code="a">Thư viện Trường Đại học Đà Lạt</subfield>
  </datafield>
 </record>
</collection>
